| 000 | 01438cam a2200385 a 4500 | ||
|---|---|---|---|
| 001 | 8416 | ||
| 003 | FISKH | ||
| 005 | 20250910161532.0 | ||
| 008 | 090424s2010 tnua b 000 1 eng | ||
| 010 | _a 2009015562 | ||
| 020 |
_a9781400314737 _qhardcover |
||
| 035 | _a15712358 | ||
| 040 |
_aDLC _cDLC _dDLC _beng |
||
| 050 | 0 | 0 |
_aPZ7.M478538 _bLov 2010 |
| 082 | _a398.2 | ||
| 100 | 1 | _aMcGraw, Tim. | |
| 245 | 1 | 0 |
_aLove your heart / _cTim McGraw & Tom Douglas ; illustrated by Abigail Marble. |
| 260 |
_aNashville, Tenn. : _bTommy Nelson, _c2010. |
||
| 300 |
_a30 unnumbered pages : _bcolor illustrations ; _c29 cm |
||
| 500 | _a"Tim McGraw's love your heart." | ||
| 500 | _a"Foreword by Faith Hill, Gracie, Maggie & Audrey McGraw"--Jkt. | ||
| 505 | _aJ | ||
| 520 | _aKatie's father helps her choose one of her many skills to display in a school talent show, but on the night of the contest she puts aside her desire to win and helps a friend, instead. | ||
| 521 | 8 |
_a450
_bLexile AD |
|
| 521 | 8 |
_aJ
_bRaz-Plus |
|
| 650 | 1 |
_aTalent shows _vFiction. |
|
| 650 | 1 |
_aFathers and daughters _vFiction. |
|
| 650 | 1 |
_aConduct of life _vFiction. |
|
| 655 | 7 |
_aFiction. _2lcgft _0https://id.loc.gov/authorities/genreForms/gf2014026339 |
|
| 700 | 1 |
_aDouglas, Tom, _d1953- _eAuthor |
|
| 700 | 1 |
_aMarble, Abigail, _eillustrator |
|
| 906 |
_a7 _bcbc _corignew _d1 _eecip _f20 _gy-gencatlg |
||
| 942 |
_2ddc _cBK _n0 |
||
| 999 |
_c8416 _d8416 |
||